000 02935nkm0a2200469 4500
001 RU\NLR\BIBL_A\022611953
005 20260408143026.0
035 _a(NLR Aleph) 022611953
090 _a13532683
_c13532683
100 _a20250828d1942 u y0rusy50 ca
101 0 _arus
_auzb
102 _aRU
116 _aiiycxx bf ad
135 _acrcn 024anaba
181 0 _ab4
_bxb2e
182 0 _an
200 1 _aИсполни свой гражданский долг перед Родиной - все как один подпишемся на государственный военный заем 1942 года!
_dВатан олдидаги гражданлик бурчимизни бажарайлик - хаммамиз бир жон-бир тан булиб, 1942 йилги давлат харбий заемига ёздилайлик!
_e[плакат]
_fхудожник Рейх
_gредакторы Комков
203 _aИзображение
_bнеподвижное
_bдвухмерное
_bвизуальное
_cнепосредственное
210 _a[Ташкент
_cб. и.]
_d1942
_eТашкент
_gТиполитография № 2
215 _a1 л.
_cхромолитогр.
_d42,6х71,5
300 _aНа изобр. справа внизу факс. подпись художниа и дата: "Рейх 1942"
300 _aВ вып. данных: Р7071; Заказ № 107
325 _aКопия доступна в Электрон. б-ке РНБ
510 1 _aВатан олдидаги гражданлик бурчимизни бажарайлик - хаммамиз бир жон-бир тан булиб, 1942 йилги давлат харбий заемига ёздилайлик!
_zuzb
606 1 _aПлакат русский советский
_z1941 - 1945
_92387198
_3RU\NLR\AUTH\661423877
606 1 _aВеликая Отечественная война
_jПлакаты
_xЕдинство фронта и тыла
_z1941 - 1945
_91227401
_3RU\NLR\AUTH\66182026
606 1 _aГосударственный военный заем
_jПлакаты
_z1942
_91476345
_3RU\NLR\AUTH\66318793
686 _aЩ153(2Р=Рус)7-466
700 1 _aРейх
_bМ. В.
_f1904-1966
_gМихаил Вольдемарович
_4040
712 0 2 _4610
_aУзполиграфтрест
_cТашкент
_bТиполитография
_c2
_3RU\NLR\AUTH\880631712
_92678899
852 0 0 _aNLR
_bЭ
_jПлИр995/6-10
_mЭ029201
856 0 _uhttps://vivaldi.nlr.ru/la000070759/view
856 1 _uhttps://vivaldi.nlr.ru/la000070759/cover
856 2 _uhttps://vivaldi.nlr.ru/la000070759/text
942 _cVISUAL
980 _aNB
981 1 7 _a(17) Изографические материалы
_b(17) Плакаты